Antonio Segni - Statistics

Statistiche generali
  • Questo quiz è stato fatto 4 volte
  • Il punteggio medio è 11 su 14
Statistiche sulle risposte
Anni Carica ricoperta % Corretto
1946-1963 Deputato
100%
1960-1962 Ministro degli esteri
100%
1958-1959 Ministro della difesa
100%
1959-1960 Ministro dell'interno
100%
1955-1957 Presidente del consiglio dei ministri
100%
1959-1960 Presidente del consiglio dei ministri
100%
1962-1964 Presidente della Repubblica
100%
1964-1972 Senatore a vita
100%
1958-1959 Vicepresidente del consiglio dei ministri
100%
1946-1951 Ministro dell'agricoltura e delle foreste
50%
1951-1953 Ministro dell'istruzione
50%
1953-1954 Ministro dell'istruzione
50%
1959-1959 Presidente del consiglio dell'Unione Europea
50%
1944-1946 Sottosegretario all'agricoltura
0%
Nessun quiz corrispondente trovato
Distribuzione punteggi
Percentuale di utenti per punteggio
Percentile per numero di risposta
I tuoi punteggi nel tempo
Non hai fatto questo quiz